00772 2200229 4500001002100000005001700021008004100038035002400079082001000103090002100113100002000134245014400154260002800298300002600326500008400352500002900436650003400465850000900499980001300508985000600521999001500527YOGYA-0209000007183920090227093559.0 ind  0010-020900000071839 a910.7 a910.7bAnj PlSK aANJARWATI SW, T aProblematika penerapan kurikulum 1984 mata pelajaran geografidan kependudukan di SMPN Sardonoharjo Ngaglik Kabupaten SlemancT.Anjarwati sw ayogyakartab[s.n]c1993 axii,100 lembarc29 cm aSkripsi fakultas Tarbiyah Institut Agama Islam Negeri Sunan Kalijaga Yogyakarta aBibiografi:lembar 99-100 aGeografi-studi dan pengajaran aBPAD a23-08-08 a1 a08A0035682